| 000 | 00707nam a22002177a 4500 | ||
|---|---|---|---|
| 005 | 20240530110916.0 | ||
| 008 | 220509s1996 ua a b b 000 0 ara d | ||
| 017 |
_a95/7254 _bمصر. دار الكتب |
||
| 020 | _a977245078X | ||
| 040 |
_aEG-CaGPL _cEG-CaGPL |
||
| 082 | 0 | 4 |
_221 _a810.9\ _bس م |
| 100 | 0 | _aسعد ظلام | |
| 245 | 1 | 0 |
_aمناهج البحث الادبى : _bدراسة تحليلية تطبيقية / _cسعد ظلام |
| 250 | _aط.1 | ||
| 260 |
_aالقاهرة : _bمكتبة نهضة الشرق، _c1996 |
||
| 300 |
_a250 ص. ؛ _c24 سم |
||
| 650 | 0 | 7 |
_2qrmak _aالادب العربى |
| 651 | _2qrmak | ||
| 942 |
_2ddc _cBK |
||
| 999 |
_c66386 _d66386 |
||